Statistics for Anagrams - World Countries

Click here to take the quiz!

General Stats

  • This quiz has been taken 27 times
  • The average score is 14 of 25

Answer Stats

AnagramCountry% Correct
Hung RayHungary
95%
Gram YenGermany
85%
Zag Skry TygKyrgyzstan
85%
Nil Pipes HipPhilippines
85%
Zanana ItTanzania
80%
Raw YonNorway
75%
Viola BiBolivia
70%
I Kit A RibKiribati
65%
Rage AilAlgeria
60%
No Me OrcaCameroon
60%
Led Can IIceland
60%
Lose HotLesotho
60%
Kit Sap AnPakistan
60%
Maze Bib AwZimbabwe
60%
I At Hope IEthiopia
55%
Bug LimeBelgium
50%
Dim An IconDominica
45%
Red La InIreland
45%
Tab Ban SowBotswana
40%
An Dagger
Grenada
40%
Nautili AhLithuania
35%
I Run A Mat AMauritania
35%
No Sons Ol Man SlidSolomon Islands
35%
No Has UrdHonduras
30%
I Done Rot Cam NahNorth Macedonia
25%

Score Distribution

Percentile by Number Answered

Percent of People with Each Score

Your Score History

You have not taken this quiz